00534nam a2200169Ia 4500003000900000008004100009040001300050040001300063041000800076100002100084245002800105300000800133490000600141942000700147999001700154952019300171IT-RoPAU120407s9999 xx 000 0 und d aIT-RoPAU cIT-RoPAU aita aJacques Leclercq aLa Vocazione religiosa. c cm v1 cBK c16289d16289 00102ddc40628_400000000000000_2471aPAULUSbPAULUSd2012-04-11l0o28.4.24r2012-04-11 00:00:00w2012-04-11yBKzInserito da: LuigiG In data: 11 ottobre 2011 fondo: Fanella Progr:22666